书目信息 |
| 题名: |
中国古代建筑概说
|
|
| 作者: | 傅熹年, 著 | |
| 分册: | ||
| 出版信息: | 北京 北京出版社 2016.02 |
|
| 页数: | 232页 | |
| 开本: | 21cm | |
| 丛书名: | 大家小书 | |
| 单 册: | ||
| 中图分类: | K928.71 | |
| 科图分类: | ||
| 主题词: | 古建筑--gu jian zhu--介绍--中国 | |
| 电子资源: | ||
| ISBN: | 978-7-200-11486-7 | |
| 000 | 00884nam 2200241 450 | |
| 001 | CAL 0120161777427 | |
| 005 | 20180426100351.45 | |
| 010 | @a978-7-200-11486-7@dCNY28.00 | |
| 100 | @a20170904d2016 em y0chiy50 ea | |
| 101 | 0 | @achi |
| 102 | @aCN@b110000 | |
| 105 | @aa z 000yy | |
| 200 | 1 | @a中国古代建筑概说@Azhong guo gu dai jian zhu gai shuo@f傅熹年著 |
| 210 | @a北京@c北京出版社@d2016.02 | |
| 215 | @a232页@c图@d21cm | |
| 225 | 2 | @a大家小书@Ada jia xiao shu |
| 330 | @a本书内容包括: 中国古代建筑概说、中国古代木构建筑设计特点、中国古代都城规划研究、元明清三代都城北京城、明代北京宫殿坛庙等大建筑群总体规划手法的特点、对建筑历史研究工作的认识等。 | |
| 410 | 0 | @12001 @a大家小书 |
| 606 | 0 | @a古建筑@Agu jian zhu@x介绍@y中国 |
| 690 | @aK928.71@v5 | |
| 701 | 0 | @a傅熹年,@Afu xi nian@f1933-@4著 |
| 801 | 0 | @aCN@c20170904 |
| 905 | @a河南城建学院图书馆@dK928.71@eF964@f1 | |
| 中国古代建筑概说/傅熹年著.-北京:北京出版社,2016.02 |
| 232页:图;21cm.-(大家小书) |
| ISBN 978-7-200-11486-7:CNY28.00 |
| 本书内容包括: 中国古代建筑概说、中国古代木构建筑设计特点、中国古代都城规划研究、元明清三代都城北京城、明代北京宫殿坛庙等大建筑群总体规划手法的特点、对建筑历史研究工作的认识等。 |
| ● |
| 相关链接 |
|
|
|
正题名:中国古代建筑概说
索取号:K928.71/F964
 
预约/预借
| 序号 | 登录号 | 条形码 | 馆藏地/架位号 | 状态 | 备注 |
| 1 | 1299316 | 212993162 | 建筑与城市规划学院资料室/ [索取号:K928.71/F964] | 在馆 | |
| 2 | 1316574 | 213165741 | 社科库309/309社科库 17排4列6层/ [索取号:K928.71/F964] | 在馆 |